000 00471nam a2200169Ia 4500
008 240729s9999 xx 000 0 und d
022 _a2190-7439
245 0 _aPhotonic Sensors
260 _aGermany
260 _bSpringerOpen
650 _a Applied optics. Photonics
650 _a Engineering (General). Civil engineering (General)
650 _aTechnology
856 _uhttps://doaj.org/toc/deefc326482c42d086d903d420718085
942 _2ddc
942 _cDOAJEJ
999 _c71785
_d71785
945 _a1
_bMadushi Gamage
_c1
_dMadushi Gamage